000
00157nam a2200073Ia 4500
008
170620s9999 xx 000 0 und d
100
_a
Pattana
245
0
_a
GAUTAMA BUDDHA
260
_b
APH PU
999
_c
26157
_d
26157